Obálka Náhled e-knihy:
PDF Epub
Pro půjčování e-knih musíte být přihlášeni.
Jak si půjčit online?

Vražedná naděje /

Detektivní román z řady s policistkou Madison Harperovou a soukromým detektivem Natem Monroem z městečka Lost Creek. Na Den díkůvzdání je nalezena mrtvá pečovatelka a Nat vyšetřuje odložený případ.

Uloženo v:
Série:Madison Harperová, část 4
Hlavní autor: Dranfield, Wendy (Autor)
Další autoři: Vlčková, Jana, 1973- (Autor)
Médium: E-kniha
Jazyk:Czech
Vydáno: V Praze : Kniha Zlin, 2024
Vydání:1. vydání
Témata:
Příbuzné jednotky:Z cyklu:: Madison Harperová
Tagy:
Žádné tagy
LEADER 02946nam a2200445 i 4500
001 312348
003 CZ PrSKC
005 20260601215721.0
007 ta
008 240510s2024 xr g 000 f cze
015 |a cnb003605521 
020 |a 9788076626522  |q (vázáno) 
035 |a (OCoLC)1438773071 
040 |a ABG001  |b cze  |d ABA001  |e rda 
041 1 |a cze  |h eng 
072 7 |a 821.111-3  |x Anglická próza, anglicky psaná  |2 Konspekt 
080 |a 821.111-31  |2 MRF 
080 |a (0:82-312.4)  |2 MRF 
100 1 |a Dranfield, Wendy  |7 xx0276894  |4 aut 
240 1 0 |a Gone to her grave.  |l Česky 
245 1 0 |a Vražedná naděje /  |c Wendy Dranfield ; z anglického originálu Gone to her grave ... přeložila Jana Vlčková 
250 |a 1. vydání 
264 1 |a V Praze :  |b Kniha Zlin,  |c 2024 
300 |a 367 stran ;  |c 21 cm 
336 |a text  |b txt  |2 rdacontent 
337 |a bez média  |b n  |2 rdamedia 
338 |a svazek  |b nc  |2 rdacarrier 
520 2 |a Detektivní román z řady s policistkou Madison Harperovou a soukromým detektivem Natem Monroem z městečka Lost Creek. Na Den díkůvzdání je nalezena mrtvá pečovatelka a Nat vyšetřuje odložený případ.  |b Detektiv Madison Harperová se těší na Den díkůvzdání, který po letech strávených ve vězení konečně zase oslaví se svým synem. Ale ani jí, ani městečku Lost Creek není poklidný sváteční den dopřán. V domě na okraji města je totiž bez známek života nalezena Terri Summersová, pečovatelka z místního domova pro seniory. Byla to laskavá žena, která si žila svůj život a do ničeho se nepletla, tak proč by jí někdo ubližoval? Madison má pramálo vodítek a náhlé úmrtí v policejním týmu do vyšetřování vnese ještě větší zmatek. Plné ruce práce má i Nate Monroe. Rozhodl se totiž prozkoumat odložený případ, jehož stín se nad Lost Creek vznáší už šest let - zmizení manželky a vnuka Vince Radera, majitele místního bistra. Podaří se Nateovi vyřešit záhadu a najít odpovědi, po kterých Vince tak dlouho prahne? Nakladatelská anotace. Kráceno. 
655 7 |a anglické romány  |7 fd131814  |2 czenas 
655 7 |a detektivní romány  |7 fd132010  |2 czenas 
655 9 |a English fiction  |2 eczenas 
655 9 |a detective novels  |2 eczenas 
700 1 |a Vlčková, Jana,  |d 1973-  |7 mzk2003184700  |4 trl 
787 0 8 |i Z cyklu:  |t Madison Harperová  |g 4 
900 |a ABA001  |b 20 
928 9 |a Albatros Media - Kniha Zlin 
044 |a xr 
910 |a RBIT002 
998 |d 402828  |a https://core.palmknihy.cz/api/books/402828/cover?sbw5cv  |b https://core.palmknihy.cz/api/books/402828/cover/400?sbw5cv  |c https://core.palmknihy.cz/api/books/402828/cover/50?sbw5cv  |e 2029-05-24  |g 368  |i 9788076626522  |j https://core.palmknihy.cz/api/books/402828/preview.epub  |k https://core.palmknihy.cz/api/books/402828/preview.pdf  |l   |q 49  |r 1  |s https://www.palmknihy.cz/kniha/402828  |t ebook  |y 2024  |z 0  |v Madison Harperová  |w 4 
999 |d 312346